Statistiken für Rückblick 2022 - Länder zuordnen (Europa)

Klicken Sie hier um das Quiz zu spielen!

Allgemein

  • Dieses Quiz wurde 152 mal gespielt
  • Das Durchschnittsergebnis liegt bei 8 aus 15

Antwortstatistiken

HintAntwort% Korrekt
Russland greift dieses Land an.Ukraine
98%
Auf Teuerungen im Energiesektor wird mit der vorübergehenden Einführung eines vergünstigten Bahntickets reagiert.Deutschland
90%
Der amtierende Präsident Emmanuel Macron wird für eine zweite Amtszeit wiedergewählt.Frankreich
90%
Giorgia Meloni von der rechten FdI wird die erste Ministerpräsidentin dieses Landes.Italien
76%
Die Teilung der Hans-Insel beendet einen fast 50-jährigen Grenzkonflikt zwischen Kanada und diesem Land.Dänemark
65%
Dieses Land hat zwei verschiedene Könige und drei verschiedene Premierminister.Vereinigtes Königreich
65%
Durch Dürre und Hitze verbrennen 249.000 ha Wald, 13.400 Personen haben hitzebedingte Todesfälle.Spanien
62%
Der Sieger der Formel-1-Weltmeisterschaft stammt aus diesem Land.Niederlande
60%
Dieses Land wird im Eiskunstlauf in allen Disziplinen Europameister.Russland
47%
Bei den Olympischen Winterspielen gewinnt dieses Land 32 Medaillen, das zweithöchste Ergebnis aller Winterspiele.Norwegen
46%
Bei der Eishockey-Weltmeisterschaft siegt das Austragungsland im Finale gegen Kanada mit 4:3 nach Verlängerung.Finnland
41%
Amtsinhaber Alexander Van der Bellen gewinnt die Wahl zum Bundespräsidenten mit 56,7 Prozent der Stimmen.Österreich
28%
Dieses Land übernimmt ab Juli die EU-Ratspräsidentschaft.Tschechien
18%
Die Sozialistische Partei erringt mit 41,5 % der Stimmen die absolute Mehrheit bei den Parlamentswahlen.Portugal
14%
Bei der Wahl zum Reichstag erringt das konservativ-rechte Oppositionslager die Macht.Schweden
12%

Verteilung der Resultate

Perzentil nach korrekt beantworteten Fragen

Anzahl Personen mit jedem Resultat

Ihre Resultats-Entwicklung

Sie haben dieses Quiz noch nicht gespielt